Normal view
MARC view
- Hoffmann, Laurence D.,
Entry Personal Name
001 - CONTROL NUMBER
- control field: 82491
003 - CONTROL NUMBER IDENTIFIER
- control field: NUST
005 - DATE AND TIME OF LATEST TRANSACTION
- control field: 20210916115549.0
008 - FIXED-LENGTH DATA ELEMENTS
- fixed length control field: 210916|| aca||aabn | a|a d
040 ## - CATALOGING SOURCE
- Original cataloging agency: NUST
- Transcribing agency: NUST
100 ## - HEADING--PERSONAL NAME
- Personal name: Hoffmann, Laurence D.,
- Dates associated with a name: 1943-
670 ## - SOURCE DATA FOUND
- Source citation: Work cat.: (NUST)32089: Hoffmann, Laurence D., 1943-, Applied Calculus for Business, Economics, and the Social and Life Sciences /, c2007.
